000 00550nam a2200205Ia 4500
008 140529s9999 xx 000 0 und d
020 _a9780751306316
050 _aHD 30.23
_b.H4465 1998
100 _aHeller, Robert.
245 _aMaking decisions /
_cRobert Heller
260 _aNew York :
_bDK Pub.,
_cc1998.
300 _a72 p. :
_bcol. ill. ;
_c18 cm.
440 _a(Essential managers).
500 _aIncludes index.
521 _aGE
650 _aLeadership.
650 _aStrategic planning.
942 _kFOR
_cBK
999 _c117826
_d117826